| 000 | 01210nam a2200265 a 4500 | ||
|---|---|---|---|
| 001 | BRCA_6931 | ||
| 005 | 20190320205639.0 | ||
| 008 | 161111s1953----enk#######---#000-0#eng-# | ||
| 041 | _aeng | ||
| 044 | _aenk | ||
| 050 | 4 |
_aN6550 _b.E93 _c1953 |
|
| 245 | 1 | 0 |
_aExhibition of Mexican art from pre-Columbian times to the present day, organized under the auspices of the Mexican Government _bTate Gallery, 4 March to 26 April. |
| 260 |
_aLondres _bArts Council, _c1953 |
||
| 300 |
_axxiv, 103 p. _bil., mapas _c22 cm. |
||
| 500 | _aPresentado conjuntamente por el Consejo de las Artes de Gran Bretaña y el gobierno mexicano, representado por el Instituto Nacional de Bellas Artes de la Secretaría de Educación Pública, con la colaboración del Instituto Nacional de Antropología e Historia y el Instituto Nacional Indigenista. | ||
| 500 | _aO153 | ||
| 650 | 1 | 4 |
_aArte mexicano _xExposiciones _92101 |
| 650 | 1 | 4 |
_aGalerias y Museos _xInglaterra _917272 |
| 710 | 2 |
_aTate Gallery _917273 |
|
| 710 | 2 |
_aArts Council of Great Britain _917274 |
|
| 710 | 2 |
_aInstituto Nacional de Bellas Artes (México) _913982 |
|
| 710 | 2 |
_aMéxico _bSecretaría de Educación Pública _917275 |
|
| 902 | _aGFM | ||
| 942 |
_2lcc _cB |
||
| 999 |
_c6613 _d6613 |
||